000 00831nam a2200229Ia 4500
003 GCL
008 140319s9999 xx 000 0 ara d
020 _a0925324977
040 _aGCL /
_cGCL
082 0 4 _a362.2
_bع ا
100 1 _aعادل عبدالله محمد
245 1 0 _aالاطفال التوحديون :
_bدراسات تشخيصية وبرامجية /
_cعادل عبدالله محمد
260 _aالقاهرة :
_bدار الرشاد ،
_c2001
300 _a439 ص ؛
_c22 سم
490 _aسلسلة ذوى الاحتياجات الخاصة
_v1
650 0 4 _aالاطفال - علم نفس
650 0 4 _aالاطفال - رعاية ذهنية
650 0 4 _aالمعوقون
650 0 4 _aالاطفال المعوقون
650 0 4 _aالاطفال المعوقون - تعليم
942 _2ddc
_cBK
999 _c2210
_d2210